000
00215 a2200097 4500
001
2857
100
_a
Hare, R
245
_a
To carton Russian literature from pushkin
260
_a
_b
Methuen
_c
090
_c
2152
_d
2152
942
_a
NUST-CAE
_c
M
_c
12803
999
_c
237930
_d
237930